Statistics for Famous people to country

Click here to take the quiz!

General Stats

  • This quiz has been taken 48 times
  • The average score is 19 of 27

Answer Stats

HintAnswer% Correct
Bob MarleyJamaica
100%
Vladimir PutinRussia
95%
Napeleon BonaparteFrance
92%
Adolf HitlerAustria
90%
Pablo EscobarColombia
90%
PeleBrazil
87%
Cristiano RonaldoPortugal
87%
Donald trumpUnited states of america
87%
Saddam HusseinIraq
82%
Jesus christIsrael
82%
Alexander the greatGreece
79%
Pablo PicassoSpain
79%
"Gueen Elizabeth"United kingdom
79%
Kimi RäikkönenFinland
74%
Luka modricCroatia
72%
Elon muskSouth africa
72%
Pol PotCambodia
69%
Albert EinsteinGermany
69%
"Mother Teressa"Albania
62%
StalinGeorgia
59%
Nikola TeslaSerbia
59%
Zlatan ibrahimovicSweden
56%
Albert CamusAlgeria
38%
David dobrikSlovakia
31%
Edin DzekoBosnia and herzegovina
26%
Garry kasparovAzerbaijan
23%
Danai guriraZimbabwe
15%

Score Distribution

Percentile by Number Answered

Percent of People with Each Score

Your Score History

You have not taken this quiz